Catálogo público

Fabricación de Vinos / (Record no. 173118)

MARC details
000 -CABECERA
campo de control de longitud fija 00753nam a2200265Ia 4500
001 - NÚMERO DE CONTROL
campo de control dia_2600
003 - IDENTIFICADOR DEL NÚMERO DE CONTROL
campo de control CHAP
005 - FECHA Y HORA DE LA ÚLTIMA TRANSACCIÓN
campo de control 20251027144331.0
008 - DATOS DE LONGITUD FIJA--INFORMACIÓN GENERAL
campo de control de longitud fija 220117s1972 xx 000 0 und d
010 ## - NÚMERO DE CONTROL DE LA BIBLIOTECA DEL CONGRESO
Número de control de LC 173118
040 ## - FUENTE DE LA CATALOGACIÓN
Centro/agencia transcriptor CHAP
082 ## - NÚMERO DE LA CLASIFICACIÓN DECIMAL DEWEY
Número de clasificación 663.22 V62
100 ## - ENTRADA PRINCIPAL--NOMBRE DE PERSONA
Nombre de persona Vogt, Ernst
9 (RLIN) 120609
245 ## - MENCIÓN DE TÍTULO
Título Fabricación de Vinos /
Mención de responsabilidad, etc. por Ernst Vogt
260 ## - PUBLICACIÓN, DISTRIBUCIÓN, ETC.
Lugar de publicación, distribución, etc. Zaragoza, España :
Nombre del editor, distribuidor, etc. Acribia,
Fecha de publicación, distribución, etc. 1972
300 ## - DESCRIPCIÓN FÍSICA
Extensión 292 p.
500 ## - NOTA GENERAL
Nota general I. Herbeg Hartug, Silvia. II.
650 ## - PUNTO DE ACCESO ADICIONAL DE MATERIA--TÉRMINO DE MATERIA
Término de materia o nombre geográfico como elemento de entrada Uvas
Subdivisión general industrialización
9 (RLIN) 153205
650 ## - PUNTO DE ACCESO ADICIONAL DE MATERIA--TÉRMINO DE MATERIA
Término de materia o nombre geográfico como elemento de entrada Vinos de frutas
9 (RLIN) 153206
650 ## - PUNTO DE ACCESO ADICIONAL DE MATERIA--TÉRMINO DE MATERIA
Término de materia o nombre geográfico como elemento de entrada Vinos e industria vinícola
9 (RLIN) 153207
901 ## - ELEMENTOS DE DATOS A LOCAL LDA (RLIN)
a 663.22 V62
902 ## - ELEMENTOS DE DATOS B LOCAL, LDB (RLIN)
a M
905 ## - ELEMENTOS DE DATOS E LOCAL, LDE (RLIN)
a 0000001972 ZARX 0000000000ESP00
942 ## - ELEMENTOS DE PUNTO DE ACCESO ADICIONAL (KOHA)
Tipo de ítem Koha Libro
Fuente del sistema de clasificación o colocación Dewey Decimal Classification
Holdings
Estado de retiro Estado de pérdida Fuente del sistema de clasificación o colocación Estado dañado Restricciones de uso No para préstamo Código de colección Localización permanente Ubicación/localización actual Fecha de adquisición Fuente de adquisición Total de préstamos Signatura topográfica completa Código de barras Fecha visto por última vez Fecha del último préstamo Número de copia Tipo de ítem Koha Ubicación en estantería Información codificada de la localización en otra ubicación Precio válido a partir de
    Dewey Decimal Classification   Préstamo interno   General Ingenieria Agroindustrial Ingenieria Agroindustrial 24/01/1975 Compra Vale 290 (24-1-1975) 3 663.22 V62 dia_724 09/10/2023 04/10/2023 Ej. 1 Libro      
    Dewey Decimal Classification       General Ingenieria Agroindustrial Ingenieria Agroindustrial 18/01/2022   14   dia_4021 20/08/2024 12/08/2024 2 Libro   1 18/01/2022